Statistics for Top 100 Biggest Cities in Greece

Click here to take the quiz!

General Stats

  • This quiz has been taken 346 times
  • The average score is 37 of 100

Answer Stats

#CityPopulation% Correct
1Athens664,046
99%
2Thessaloniki315,196
97%
6Heraklion140,730
87%
3Patras167,446
85%
5Larissa144,651
80%
45Rhodes49,541
78%
41Chania53,910
75%
25Ioannina65,574
75%
13Volos86,046
73%
85Corfu24,838
72%
39Kalamata54,100
72%
36Alexandroupoli57,812
71%
4Piraeus163,688
67%
40Kavala54,027
62%
37Xanthi56,122
62%
42Lamia52,006
61%
35Serres58,287
61%
64Tripoli30,866
60%
68Corinth30,176
59%
28Trikala61,653
59%
43Komotini50,990
54%
33Chalcis59,125
53%
38Katerini55,997
53%
77Chios26,850
51%
62Rethymno32,468
51%
49Drama44,823
50%
7Peristeri139,981
50%
52Kozani41,066
49%
32Agrinio59,329
47%
8Kallithea100,641
47%
93Arta21,895
46%
99Kos19,432
46%
92Argos22,209
44%
12Glyfada87,305
44%
54Karditsa38,554
44%
9Acharnes99,346
40%
10Kalamaria91,279
40%
86Pyrgos24,359
39%
88Kilkis22,914
38%
20Marousi72,333
38%
50Veria43,158
38%
18Chalandri74,192
37%
46Kifissia47,332
37%
74Mytilene27,871
35%
11Nikaia89,380
35%
87Megara23,456
34%
19Nea Smyrni73,076
34%
24Nea Ionia67,134
33%
71Giannitsa29,789
31%
30Agia Paraskevi59,704
30%
23Aigaleo69,946
30%
22Zografou71,026
30%
17Evosmos74,686
29%
14Ilion84,793
29%
15Ilioupoli78,153
29%
16Keratsini77,077
28%
27Korydallos63,445
27%
90Thebes22,883
27%
21Agios Dimitrios71,294
26%
83Salamina25,370
26%
51Alimos41,720
25%
26Palaio Faliro64,021
25%
63Ptolemaida32,127
25%
29Vyronas61,308
25%
59Argyroupoli34,097
24%
65Cholargos30,840
24%
72Voula28,364
24%
98Aigio20,422
23%
31Galatsi59,345
23%
69Gerakas29,939
23%
82Perama25,389
22%
95Livadeia21,379
21%
34Petroupoli58,979
21%
67Aspropyrgos30,251
20%
89Dafni22,913
20%
79Kaisariani26,370
19%
100Koropi19,164
19%
66Vrilissia30,741
19%
75Neapoli27,084
18%
60Ano Liosia33,565
17%
91Melissia22,741
17%
81Moschato25,441
17%
78Agia Varvara26,550
16%
84Eleusis24,910
16%
73Kamatero28,361
16%
57Pylaia34,625
16%
56Ampelokipoi37,381
15%
47Stavroupoli46,008
15%
55Sykies37,753
15%
70Metamorfosi29,891
14%
58Agioi Anargyroi34,168
13%
48Haidari45,642
13%
96Pefki21,352
13%
53Polichni39,332
13%
44Irakleio49,642
11%
94Artemida21,488
9%
76Eleftherio-Kordelio27,067
8%
80Nea Filadelfeia25,734
8%
97Oraiokastro20,852
8%
61Neo Ionia32,661
3%

Score Distribution

Percentile by Number Answered

Percent of People with Each Score

Your Score History

You have not taken this quiz